|
|
|
|
| LEADER |
01072nab a2200301 i 4500 |
| 001 |
publ25196 |
| 005 |
20220926150314.0 |
| 008 |
220926s2022 hu o 0|| Angol d |
| 022 |
|
|
|a 0891-2017
|
| 024 |
7 |
|
|a 10.1162/coli_a_00428
|2 doi
|
| 024 |
7 |
|
|a 32553070
|2 mtmt
|
| 040 |
|
|
|a SZTE Publicatio Repozitórium
|b hun
|
| 041 |
|
|
|a Angol
|
| 100 |
1 |
|
|a Vincze Veronika
|
| 245 |
1 |
0 |
|a Linguistic Parameters of Spontaneous Speech for identifying Mild Cognitive Impairment and Alzheimer’s Disease
|h [elektronikus dokumentum] /
|c Vincze Veronika
|
| 260 |
|
|
|c 2022
|
| 300 |
|
|
|a 119-153
|
| 490 |
0 |
|
|a COMPUTATIONAL LINGUISTICS
|v 48 No. 1
|
| 650 |
|
4 |
|a Számítás- és információtudomány
|
| 650 |
|
4 |
|a Általános orvostudomány
|
| 650 |
|
4 |
|a Klinikai orvostan
|
| 700 |
0 |
1 |
|a Szabó Martina Katalin
|e aut
|
| 700 |
0 |
1 |
|a Hoffmann Ildikó
|e aut
|
| 700 |
0 |
1 |
|a Tóth László
|e aut
|
| 700 |
0 |
1 |
|a Pákáski Magdolna
|e aut
|
| 700 |
0 |
1 |
|a Kálmán János
|e aut
|
| 700 |
0 |
1 |
|a Gosztolya Gábor
|e aut
|
| 856 |
4 |
0 |
|u http://publicatio.bibl.u-szeged.hu/25196/1/2022-compling.pdf
|z Dokumentum-elérés
|